000 01517ngm a22003970a 4500
001 PT47774
003 AR-LpoUNG
005 20210202000030.0
007 vd cvaizq
008 191001s2004||||ag |||||||||||||||||spa d
037 _c$2,50
040 _aAR-LpoUNG
_bspa
_cAR-LpoUNG
_eaacr
041 _aspa
044 _aag
082 0 _a304.8 794hab
100 1 _aPoncet, Eva
_edir.
245 1 0 _aHabitación disponible :
_bhistorias de inmigrantes
260 _aBuenos Aires :
_bEl azorazado,
_c2004.
300 _aDVD (80 min.) : son., col.
505 0 _aGuión: Eva Poncet, Marcelo Burd, Diego Gachassin. Producción: Eva Poncet, Marcelo Burd, Diego Gachassin. Fotografía: Diego Gachassin. Sonido: Marcelo Burd
520 _aTres inmigrantes viviendo en una Buenos Aires inmersa en la profunda crisis económica, política y social desatada a fines de 2001 y principios de 2002; donde están obligados a replantearse constantemente sus movimientos y a reflexionar acerca de lo que eran en su país de origen.Lo que son en esta nueva tierra y lo que sus hijos serán aquí o allá, en algún lugar de la aldea global.
650 4 _aARGENTINA
650 4 _aCRISIS POLITICA
650 4 _aCRISIS SOCIAL
650 4 _aFAMILIA
650 4 _aINMIGRANTES
650 4 _aRECESION ECONOMICA
653 _aCINE ARGENTINO
653 _aDOCUMENTALES
653 _aDVD
653 _aVIDEOS
700 1 _aBurd, Marcelo
_edir.
700 1 _aGachassin, Diego
_edir.
905 _a47774
942 _cDVD
999 _c53988
_d53988